000
00199 a2200097 4500
020
_a
051487023600
041
_a
eng
100
_a
Terri Cohlene
245
_a
Turquoise Boy a navajo legand
942
_c
BK
999
_c
11673
_d
11673